RB3s from every team - Statistics

General Stats
  • This quiz has been taken 3 times
  • The average score is 15 of 32
Answer Stats
Hint Answer % Correct
Steelers Cordarrelle Patterson
100%
Lions Craig Reynolds
100%
Jaguars D'Ernest Johnson
100%
Cowboys Deuce Vaughn
100%
Broncos Jaleel McLaughlin
100%
Commanders Jeremy McNichols
100%
Panthers Miles Sanders
100%
Bengals Trayveon Williams
100%
Bills Ty Johnson
100%
Raiders Ameer Abdullah
50%
Cheifs Carson Steele
50%
Texans Dare Ogunbowale
50%
Cardinals Emari Demercado
50%
Giants Eric Gray
50%
Chargers Hassan Haskins
50%
Dolphins Jaylen Wright
50%
Ravens Keaton Mitchell
50%
Buccaneers Sean Tucker
50%
Vikings Ty Chandler
50%
Colts Tyler Goodson
50%
Eagles Will Shipley
50%
Packers Chris Brooks
0%
49ers Isaac Guerendo
0%
Jets Isaiah Davis
0%
Patriots JaMycal Hasty
0%
Falcons Jase McClellan
0%
Saints Jordan Mims
0%
Titans Julius Chestnut
0%
Seahawks Kenny McIntosh
0%
Browns Pierre Strong Jr.
0%
Rams Ronnie Rivers
0%
Bears Travis Homer
0%
No matching quizzes found
Score Distribution
Percent of People with Each Score
Percentile by Number Answered
Your Score History
You have not taken this quiz